000
00229 a2200097 4500
001
4134
100
_a
golding,E.W
245
_a
Electrical measurement & measuring instruments
260
_a
_b
Eng language
_c
090
_c
3351
_d
3351
942
_a
NUST-CAE
_c
M
_c
26125
999
_c
239207
_d
239207